| 000 | 00530nam a2200217Ia 4500 | ||
|---|---|---|---|
| 003 | GCL | ||
| 008 | 140319s9999 xx 000 0 eng d | ||
| 040 |
_aGCL / _cGCL |
||
| 082 | 0 | 4 |
_a025.8 _bH B |
| 100 | 1 | _aHICKIN, NORMAN | |
| 245 | 1 | 0 |
_aBOOK WORMS, THE INSECT PESTS OF BOOKS / _cHICKIN, NORMAN |
| 260 |
_a[S.N] : _bNORMAN HICKIN ، _c1985 |
||
| 300 | _a183 P | ||
| 650 | 0 | 4 | _aPESTS |
| 650 | 0 | 4 | _aINSECTS |
| 650 | 0 | 4 | _aBOOKS |
| 650 | 0 | 4 | _aBOOK RESTORATION |
| 650 | 0 | 4 | _aSTORAGE |
| 650 | 0 | 4 | _aLIBRARIES |
| 942 |
_2ddc _cBK |
||
| 999 |
_c17253 _d17253 |
||